Những bài toán tối ưu quản lý kinh doanh xây dựng

Na minha lista:
Detalhes bibliográficos
Autor principal: Lê, Văn Kiểm
Formato: Livro
Idioma:Undetermined
Publicado em: Thành phố Hồ Chí Minh Đại học Quốc gia Thành phố Hồ Chí Minh 2005
Assuntos:
Tags: Adicionar Tag
Sem tags, seja o primeiro a adicionar uma tag!
Thư viện lưu trữ: Trung tâm Học liệu Trường Đại học Cần Thơ
LEADER 00680nam a2200205Ia 4500
001 CTU_101429
008 210402s9999 xx 000 0 und d
020 |c 14000 
082 |a 338.47624 
082 |b K304 
100 |a Lê, Văn Kiểm 
245 0 |a Những bài toán tối ưu quản lý kinh doanh xây dựng 
245 0 |c Lê Văn Kiểm, Phạm Hồng Luân 
260 |a Thành phố Hồ Chí Minh 
260 |b Đại học Quốc gia Thành phố Hồ Chí Minh 
260 |c 2005 
650 |a Construction industry 
650 |x Management,Costs 
904 |i Minh 
980 |a Trung tâm Học liệu Trường Đại học Cần Thơ